02599nkc a2200373za 450000100060000000300040000600500170001000700070002700800410003404000240007510000410009924500310014026000240017130001010019550002750029650001930057150000650076450001340082950001690096350400520113250500300118451001510121451002100136556101310157561000560170665100260176265500400178870000600182885200120188885601500190094200250205095201330207599900170220884526OSt20260323094232.0kh boc250410s19101911sp ||||| ||||||0| i|spa d aM-RABAbspacM-RABA1 aElorza, Lorenzod(1861-1931)911106810aLezamab: Ventanac/ L. E. c[ca. 1910 – 1911] a1 fotografía b: gelatina de platac; imagen 12 x 16,5 cmc; soporte secundario 21,5 x 26,5 cm aVista del ventanal de la iglesia parroquial de San Martín en Lezama, con arco de medio punto y tres arquivoltas, trasdós liso e imposta ajedrezada, el conjunto se completa con tres columnas de fuste liso por cada flanco y capiteles con variado repertorio decorativo. aFotografía montada sobre soporte secundario de cartulina azul enmarcada con orla en relieve. Título y numeración manuscrita que hace referencia a la posición en la serie “107”. aSello con monograma del fotógrafo en tinta roja “L.E.” aFechas tomadas de la ejecución del positivo de las fotografías, incluido el soporte secundario. (Soto Madrazo, Javier. 2008). aForma parte de un conjunto de 167 fotografías empleadas por Federico Baráibar Zumárraga para la elaboración del Inventario del Románico en Álava (1911). aBaraibar, F.: "Rincones artísticos", M. 1914. aLezama.- Ventana. /L. E.  aDescripción tomada de: Soto Madrazo, Javier (2008). Federico Baraibar y el Inventario del Románico en Álava: una caja con 167 fotografías. aEsta colección fue utilizada posteriormente por Cristóbal de Castro para la elaboración y publicación del "Catálogo Monumental de España: provincia de Álava", Madrid, S. de Rivadeneira, 1915. aDonadas junto con la memoria manuscrita a la Academia por el mismo Baraibar (Sesión 12 de febrero de 1912, Archivo: 4-32-1).27aIglesia parroquial de San Martín (Lezama)9111634 7aÁlava2embne975661 0aFotografías de monumentos91115801 aBaráibar y Zumárraga, Federico d(1851-1918)912926 jFot-216 3Fot-216uhttps://archivoybiblioteca.realacademiabellasartessanfernando.com/cgi-bin/koha/opac-retrieve-file.pl?id=69e2ec914ea1bffadf68edf5e250aae3 2ddccFOTOGRAFÍAn0 00102ddc40708FOTOGRAFIAaRABASFbRABASFcDP2d2025-04-22l0oFot-216p1095405r2025-04-22 11:46:59w2025-04-22yFOTOGRAFÍA c84526d84526